|
|
|
|
| LEADER |
01408nam a2200277 a 4500 |
| 001 |
GR-Patra21666 |
| 008 |
070116s2004 gr gz 000 0 gre d |
| 040 |
|
|
|a GrPaTEI
|b gre
|c GR-PaULI
|
| 040 |
|
|
|a GrPaTEI
|b gre
|c GR-PaULI
|
| 100 |
1 |
|
|a Καρκαντζού, Βασιλική
|
| 245 |
1 |
0 |
|a Τρομοκρατία :
|b Μια μορφή παρέκκλισης /
|c Σπουδάστριες Καρκαντζού Βασιλική, Φραγκόγιαννη Παναγιώτα ; Υπεύθυνος Καθηγητής Παπαδημητρίου Θάνος.
|
| 260 |
|
|
|a Πάτρα :
|b ΤΕΙ Πάτρας,
|c 2004
|
| 300 |
|
|
|a 279 σ. :
|b εικ.
|
| 504 |
|
|
|a Βιβλιογραφία σ. 222
|
| 650 |
|
4 |
|a Εγκληματικότητα
|
| 650 |
|
4 |
|a Πτυχιακή εργασία
|y 2004
|
| 650 |
|
4 |
|a Τρομοκρατία
|
| 700 |
1 |
|
|a Παπαδημητρίου, Θάνος,
|c Εισηγητής
|
| 700 |
1 |
|
|a Φραγκόγιαννη, Παναγιώτα
|
| 710 |
0 |
|
|a Σ.Ε.Υ.Π..
|b Τμήμα Κοινωνικής Εργασίας
|
| 710 |
0 |
|
|a ΤΕΙ Πάτρας
|
| 856 |
4 |
0 |
|u https://nereus.library.upatras.gr/formerpat/ptyxiakes/seyp/seyp_ke/2001-2005/4224pe.pdf
|
| 942 |
|
|
|2 ddc
|
| 952 |
|
|
|0 0
|1 0
|2 ddc
|4 0
|7 1
|9 301958
|a LISK
|b LISK
|c BSC
|d 2021-01-17
|e 24
|f 0
|g 0.00
|l 0
|p 9241004224
|r 2021-01-17 00:00:00
|t 1
|w 2021-01-17
|y BKN
|x 20070116 0 0
|x GrPaTEI
|
| 971 |
|
|
|a .b26692399
|b 16-04-20
|c 26-09-16
|
| 999 |
|
|
|c 175530
|d 175530
|